Normal view
MARC view
- Ronkainen, Ilkka A
Entry Personal Name
001 - CONTROL NUMBER
- control field: 90970
003 - CONTROL NUMBER IDENTIFIER
- control field: NUST
005 - DATE AND TIME OF LATEST TRANSACTION
- control field: 20220414141812.0
008 - FIXED-LENGTH DATA ELEMENTS
- fixed length control field: 220414|| aca||aabn | a|a d
040 ## - CATALOGING SOURCE
- Original cataloging agency: NUST
- Transcribing agency: NUST
100 ## - HEADING--PERSONAL NAME
- Personal name: Ronkainen, Ilkka A
670 ## - SOURCE DATA FOUND
- Source citation: Work cat.: (NUST)0: Czinkota, Michael R. 90969, Fundamentals of international business /, c2004.
